<?xml version="1.0" encoding="UTF-8"?>
<record
    xmlns:xsi="http://www.w3.org/2001/XMLSchema-instance"
    xsi:schemaLocation="http://www.loc.gov/MARC21/slim http://www.loc.gov/standards/marcxml/schema/MARC21slim.xsd"
    xmlns="http://www.loc.gov/MARC21/slim">

  <leader>00403    a2200145   4500</leader>
  <datafield tag="999" ind1=" " ind2=" ">
    <subfield code="c">196</subfield>
    <subfield code="d">196</subfield>
  </datafield>
  <controlfield tag="008">220322b           ||||| |||| 00| 0 eng d</controlfield>
  <datafield tag="020" ind1=" " ind2=" ">
    <subfield code="a">9781408112069</subfield>
  </datafield>
  <datafield tag="082" ind1="0" ind2="0">
    <subfield code="a">551.509162</subfield>
    <subfield code="b">C818</subfield>
  </datafield>
  <datafield tag="100" ind1=" " ind2=" ">
    <subfield code="a">Cornish, Maurice</subfield>
  </datafield>
  <datafield tag="245" ind1=" " ind2=" ">
    <subfield code="a">Reeds maritime meteorology /</subfield>
  </datafield>
  <datafield tag="260" ind1=" " ind2=" ">
    <subfield code="a">London:</subfield>
    <subfield code="b">Adlard Coles Nautical,</subfield>
    <subfield code="c">2018.</subfield>
  </datafield>
  <datafield tag="300" ind1=" " ind2=" ">
    <subfield code="a">3rd ed.</subfield>
  </datafield>
  <datafield tag="650" ind1=" " ind2="0">
    <subfield code="a">Marine Meteorology</subfield>
  </datafield>
  <datafield tag="942" ind1=" " ind2=" ">
    <subfield code="2">ddc</subfield>
    <subfield code="c">BK</subfield>
  </datafield>
  <datafield tag="952" ind1=" " ind2=" ">
    <subfield code="0">0</subfield>
    <subfield code="1">0</subfield>
    <subfield code="2">ddc</subfield>
    <subfield code="4">0</subfield>
    <subfield code="6">551_509162000000000_C818</subfield>
    <subfield code="7">0</subfield>
    <subfield code="9">909</subfield>
    <subfield code="a">CL</subfield>
    <subfield code="b">CL</subfield>
    <subfield code="d">2019-09-16</subfield>
    <subfield code="e">Sterling Book House</subfield>
    <subfield code="g">2037.46</subfield>
    <subfield code="o">551.509162 C818</subfield>
    <subfield code="p">13208</subfield>
    <subfield code="r">2019-09-16</subfield>
    <subfield code="v">2716.63</subfield>
    <subfield code="y">BK</subfield>
  </datafield>
  <datafield tag="952" ind1=" " ind2=" ">
    <subfield code="0">0</subfield>
    <subfield code="1">0</subfield>
    <subfield code="2">ddc</subfield>
    <subfield code="4">0</subfield>
    <subfield code="6">551_509162000000000_C818</subfield>
    <subfield code="7">0</subfield>
    <subfield code="9">910</subfield>
    <subfield code="a">CL</subfield>
    <subfield code="b">CL</subfield>
    <subfield code="d">2019-09-16</subfield>
    <subfield code="e">Sterling Book House</subfield>
    <subfield code="g">2037.46</subfield>
    <subfield code="o">551.509162 C818</subfield>
    <subfield code="p">13209</subfield>
    <subfield code="r">2019-09-16</subfield>
    <subfield code="v">2716.63</subfield>
    <subfield code="y">BK</subfield>
  </datafield>
  <datafield tag="952" ind1=" " ind2=" ">
    <subfield code="0">0</subfield>
    <subfield code="1">0</subfield>
    <subfield code="2">ddc</subfield>
    <subfield code="4">0</subfield>
    <subfield code="6">551_509162000000000_C818</subfield>
    <subfield code="7">0</subfield>
    <subfield code="9">911</subfield>
    <subfield code="a">CL</subfield>
    <subfield code="b">CL</subfield>
    <subfield code="d">2019-09-16</subfield>
    <subfield code="e">Sterling Book House</subfield>
    <subfield code="g">2037.46</subfield>
    <subfield code="o">551.509162 C818</subfield>
    <subfield code="p">13210</subfield>
    <subfield code="r">2019-09-16</subfield>
    <subfield code="v">2716.63</subfield>
    <subfield code="y">BK</subfield>
  </datafield>
  <datafield tag="952" ind1=" " ind2=" ">
    <subfield code="0">0</subfield>
    <subfield code="1">0</subfield>
    <subfield code="2">ddc</subfield>
    <subfield code="4">0</subfield>
    <subfield code="6">551_509162000000000_C818</subfield>
    <subfield code="7">0</subfield>
    <subfield code="9">912</subfield>
    <subfield code="a">CL</subfield>
    <subfield code="b">CL</subfield>
    <subfield code="d">2019-09-16</subfield>
    <subfield code="e">Sterling Book House</subfield>
    <subfield code="g">2037.46</subfield>
    <subfield code="o">551.509162 C818</subfield>
    <subfield code="p">13211</subfield>
    <subfield code="r">2019-09-16</subfield>
    <subfield code="v">2716.63</subfield>
    <subfield code="y">BK</subfield>
  </datafield>
</record>
